000 00992nam a2200229Ii 4500
003 JO-AjNU
008 230605s9999||||xx |||||||||||||| ||und||
017 _a2018/7/3553
020 _a978-9923-15-006-1
040 _aJO-AjNU
_bara
_erda
_cJO-AjNU
041 _aara
050 1 4 _aKMM51.2 2020
100 3 _aالعمور، ربيع محمود ,
_eauthor
_959218
245 0 0 _aالحقوق اللصيقة بالشخصية .الحق في النسيان.الحق في الخصوصية
250 _aط1
264 3 1 _aعمان: الدار العلمية الدولية للنشر والتوزيع؛ دار الثقافة للنشر والتوزيع، 2020
300 _a296ص
_bيحتوي على مصادر ومراجع من ص279- 296 يحتوي على مجموعة من الرسائل الجامعية
336 _atext
_btxt
_2rdacontent
337 _aunmediated
_bn
_2rdamedia
338 _avolume
_bnc
_2rdacarrier
650 4 _aالشخصية- القانون المدني
_959219
999 _aA26637
_c30205
_d30205